000 00611nam a2200253 a 4500
003 AR-BaBNM
005 20251128202902.0
008 082120s2002 ||||||||||||||000 | spa||
040 _cAR-BaBNM
100 1 _aVidela, Horacio
245 0 0 _aAsomado al mundo
_bdiario de viaje
250 _a2ยช ed.
260 _aBuenos Aires
_bEdiciones Peuser
_c1959
300 _a470 p.
490 0 _aGrandes novelas
650 4 _aLITERATURA ARGENTINA
650 4 _aNOVELAS
651 4 _aEuropa
653 _aLITERATURA DE VIAJES
653 _aNARRATIVA
655 _aLITERATURA
942 _cBK
998 _cMARTIN
999 _c1041
_d1041